=LDR 00000nam 2200000 4500 =001 INLIS000000000036078 =005 20210429080251 =035 ##$$a 0010-061300000036078 =008 210429###########################0#ind## =041 ##$$a Ind =082 ##$$a F Rom K =090 ##$$a F Rom K, Sta s =245 ##$$a Star wars clone wars war adventures vol 4, /$c alih bahasa, Suryo H. Prasetio =260 ##$$a Jakarta :$b gramedia,$c 2010 =300 ##$$a 95 hlm, : $b ilus, ; $c 25 x 21 cm =650 #4$$a Fiksi-Kartun =850 ##$$a NBPNMAT =084 ##$$a F Rom K STA =020 ##$$a 978-979-2340-71-6 =700 #$$a Suryo H Prasetio =990 ##$$a 0001/BPAP-NTB/2016 =990 ##$$a 01201708622 =990 ##$$a 01201708754 =990 ##$$a 21101128 =990 ##$$a 01201708622 =990 ##$$a 01201708754